000 01275nam a22003017a 4500
005 20100812114414.0
010 _aENG-99832
020 _a9788183243308
_c395.00
020 _a8183243304
_c395.00
035 _aEN-83364
037 _bDBAD/PUB
082 _a305.809149
100 _aBasumatary,Phukan
_914939
245 _aThe Rabha tribe of North-East India, Bengal, and Bangladesh /
_cby Phukan Basumatary
260 _aNew Delhi
_bMittal Publications
_c2010
270 _bNew Delhi
_e110002
_a4594/9,Daryaganj,
300 _axiv,115p.:
_bcol.ill.
_c23cm (Hb)
500 _aIncludes bibliographical references (p. [93]-96) and index
520 _aGrammar of Rabha language and study on the social life and customs of Rabha tribe of India and Bangladesh.
650 _aRabha language
_xGrammar
_914940
650 _aRabha (Indic people)
_xSocial life and customs.
_914941
650 _aRabha (Indic people)
_xSocial life and custorms.
_zBangladesh
_914942
700 _910603
_aBera, Gautam Kumar
700 _aSahay, Vijoy S.
_911537
700 _910604
942 _2ddc
_cEN
_h305.809149
_mBAS
999 _c41255
_d41255